Biblioteca y Centro de Documentación

Vista normal Vista MARC

Entrada Título Uniforme

Número de registros utilizados en: 1

001 - NÚMERO DE CONTROL

  • Campo de control: 40498

003 - IDENTIFICADOR DE NÚMERO DE CONTROL

  • Campo de control: ES-MaCES

005 - FECHA Y HORA DE LA ULTIMA MODIFICACION

  • Campo de control: 20220823142634.0

008 - ELEMENTOS DE DATOS DE LONGITUD FIJA

  • Campo de longitud fija: 220823|| azz||aabn | a|a d

040 ## - FUENTE DE LA CATALOGACIÓN

  • Agencia original de catalogación: ES-MaCES

130 04 - ENCABEZAMIENTO--TÍTULO UNIFORME

  • Título uniforme: Acuerdo de Comercio y Cooperación entre la Unión Europea y el Reino Unido
  • Fecha de la firma del tratado: 2021

430 04 - TRAZADO VEÁSE--TÍTULO UNIFORME

  • Título uniforme: Acuerdo de Comercio y Cooperación entre la Unión Europea y la Comunidad Europea de la Energía Atómica, por una parte, y el Reino Unido de Gran Bretaña e Irlanda del Norte por otra
  • Fecha de firma de tratado: 2021

670 ## - FUENTE DE DATOS ENCONTRADOS

  • Enlace: https://eur-lex.europa.eu
  • Fuente de citación: DOUE L 149/10 , 30.4.2021
  • Información encontrada: El Acuerdo de Comercio y Cooperación entre la Unión Europea y el Reino Unido, bajo la cobertura de la OCM y tras complejas negociaciones, se firmó el 30 de diciembre de 2020, se aplicó provisionalmente desde el 1 de enero de 2021 y entró en vigor el 1 de mayo de 2021
© CES, Consejo Económico y Social de España 2021